A fertőtlenítés jelentősége a nagyüzemi szarvasmarhatartásban
Elmentve itt :
| Szerző: | |
|---|---|
| További közreműködők: | |
| Dokumentumtípus: | Szakdolgozat |
| Megjelent: |
1974
|
| Kulcsszavak: | Szarvasmarha-tenyésztés Fertőtlenítés Állategészségügy |
| Tárgyszavak: | |
| Online Access: | http://diploma.bibl.u-szeged.hu/98007 |
| LEADER | 00742nta a2200229 i 4500 | ||
|---|---|---|---|
| 001 | dipl98007 | ||
| 005 | 20220225132045.0 | ||
| 008 | 220225s1974 hu om 0|| zxx d | ||
| 040 | |a SZTE Diploma Repozitórium |b hun | ||
| 041 | |a zxx | ||
| 100 | 1 | |a Tóth Teréz | |
| 245 | 1 | 2 | |a A fertőtlenítés jelentősége a nagyüzemi szarvasmarhatartásban |h [elektronikus dokumentum] / |c Teréz Tóth |
| 260 | |c 1974 | ||
| 300 | |a 30 | ||
| 650 | 4 | |a Agrár | |
| 650 | 4 | |a Agricultural sciences | |
| 650 | 4 | |a Animal hygiene | |
| 695 | |a Szarvasmarha-tenyésztés | ||
| 695 | |a Fertőtlenítés | ||
| 695 | |a Állategészségügy | ||
| 700 | 1 | |a nincs megadva |e ths | |
| 856 | 4 | 0 | |u http://diploma.bibl.u-szeged.hu/id/eprint/98007/1/xxxx_toth_terez.pdf |z Dokumentum-elérés |